• 首页
  • 本馆介绍
  • 公告通知
  • 最新文献
  • 馆藏检索
  • 电子资源
  • 读者导购
  • 参考咨询
  • 我的图书馆
  • 登录
  • 详细信息显示
  • 放入我的书架
  • 预约/预借图书
  • 作者相关作品
  • 分类相关作品
  • 丛书相关作品
  • 出版社相关作品

书目信息

  • 表格格式
  • 工作单格式
  • 卡片格式
题名:
吴熙联语笺注
    
 
作者: 莫秋华 , 刘安定 主编 ;吴熙 著
分册:  
出版信息: 湘潭   湘潭大学出版社  2022
页数: 11,11,393页
开本: 24cm
丛书名:
单 册:
中图分类: I269.6
科图分类:
主题词: 对联--作品集--中国--清后期
电子资源:
ISBN: 978-7-5687-0839-5
000 00711nam0 2200241 450
001 2336771995
005 20231207101259.59
010    @a978-7-5687-0839-5@dCNY78.00
100    @a20230207d2022 em y0chiy50 ea
101 0  @achi
102    @aCN@b430000
105    @aa z 000gy
200 1  @a吴熙联语笺注@Awu xi lian yu jian zhu@f(清)吴熙著@g刘安定笺注
210    @a湘潭@c湘潭大学出版社@d2022
215    @a11,11,393页@c图@d24cm
300    @a《湘潭文史》第28辑
606 0  @a对联@x作品集@y中国@z清后期
690    @aI269.6@v5
701  0 @a莫秋华@Amo qiu hua@4主编
701  0 @a刘安定@Aliu an ding@4主编@4笺注
702  0 @c(清)@a吴熙@Awu xi@4著
801  0 @aCN@b91MARC@c20230228
905    @aZUCC@dI269.6@e3
    
    吴熙联语笺注/(清)吴熙著/刘安定笺注.-湘潭:湘潭大学出版社,2022
    11,11,393页:图;24cm
    《湘潭文史》第28辑
    
    ISBN 978-7-5687-0839-5:CNY78.00
    
●
相关链接 在五车中查询图书 在当当中查询图书 在豆瓣中查询图书


正题名:吴熙联语笺注     索取号:I269.6/3         预约/预借

序号 登录号 条形码 馆藏地/架位号 状态 备注
1 2001271513   2001271513   辽宁北方(第一批)/辽宁北方(第一批)/406/ [索取号:I269.6/3] 在馆    
2 2001271514   2001271514   辽宁北方(第一批)/辽宁北方(第一批)/406/ [索取号:I269.6/3] 在馆    
3 2001271515   2001271515   辽宁北方(第一批)/辽宁北方(第一批)/406/ [索取号:I269.6/3] 在馆    
4 2001271516   2001271516   辽宁北方(第一批)/辽宁北方(第一批)/406/ [索取号:I269.6/3] 在馆    
5 2001271517   2001271517   辽宁北方(第一批)/辽宁北方(第一批)/406/ [索取号:I269.6/3] 在馆    
6 2001271518   2001271518   辽宁北方(第一批)/辽宁北方(第一批)/406/ [索取号:I269.6/3] 在馆    
山东省滨州职业学院图书馆 欢迎您!
大连网信软件有限公司© 版权所有